[Event "World Rapid Women 2022"]
[Site "Almaty KAZ"]
[Date "2022.12.27"]
[Round "7.12"]
[White "Shuvalova, Polina"]
[Black "Kairbekova, Amina"]
[Result "1-0"]
[WhiteTitle "IM"]
[BlackTitle "WIM"]
[WhiteElo "2502"]
[BlackElo "2209"]
[WhiteFideId "24171760"]
[BlackFideId "13712799"]
[EventDate "2022.12.26"]

1. d4 Nf6 2. Nf3 g6 3. c4 Bg7 4. Nc3 O-O 5. e4 d6 6. Be2 Nbd7 7. Bg5 h6 8. Be3
e5 9. d5 Ng4 10. Bd2 f5 11. h3 Ngf6 12. exf5 gxf5 13. Qc2 Nc5 14. g3 Nce4 15.
Nxe4 Nxe4 16. Be3 f4 17. gxf4 exf4 18. Bd4 Bf5 19. Bxg7 Kxg7 20. Nd4 Qf6 21.
Nxf5+ Qxf5 22. Bd3 f3 23. Bxe4 Rae8 24. Rg1+ Kf7 25. Rg4 Rxe4+ 26. Qxe4 Re8 27.
Rg7+ 1-0

[Event "World Rapid Women 2022"]
[Site "Almaty KAZ"]
[Date "2022.12.27"]
[Round "7.13"]
[White "Kosteniuk, Alexandra"]
[Black "Muminova, Nafisa"]
[Result "1-0"]
[WhiteTitle "GM"]
[BlackTitle "WGM"]
[WhiteElo "2520"]
[BlackElo "2274"]
[WhiteFideId "4128125"]
[BlackFideId "14201526"]
[EventDate "2022.12.26"]

1. e4 e6 2. d4 d5 3. e5 c5 4. c3 Nc6 5. Nf3 Qb6 6. Be2 Bd7 7. O-O Rc8 8. dxc5
Bxc5 9. b4 Bf8 10. Na3 a6 11. Re1 Nge7 12. b5 Na5 13. Be3 Qc7 14. bxa6 bxa6 15.
Bxa6 Rb8 16. Qd3 Nf5 17. Nb5 Qd8 18. Bg5 Be7 19. Bxe7 Qxe7 20. g4 Nh4 21. Nd6+
Kf8 22. Rab1 Ra8 23. Nxh4 Qxh4 24. Qf3 f6 25. Bb7 Rd8 26. Bxd5 h5 27. exf6 gxf6
28. Bxe6 Bc6 29. Qf4 hxg4 30. Nf5 Qh3 31. Qb4+ 1-0

[Event "World Rapid Women 2022"]
[Site "Almaty KAZ"]
[Date "2022.12.27"]
[Round "7.14"]
[White "Khademalsharieh, Sarasadat"]
[Black "Kamalidenova, Meruert"]
[Result "1-0"]
[WhiteTitle "IM"]
[BlackTitle "WIM"]
[WhiteElo "2490"]
[BlackElo "2377"]
[WhiteFideId "12512214"]
[BlackFideId "13712802"]
[EventDate "2022.12.26"]

1. d4 Nf6 2. c4 g6 3. Nf3 Bg7 4. g3 O-O 5. Bg2 d6 6. O-O Bf5 7. Ng5 c6 8. e4 Bg4
9. f3 Bc8 10. Nc3 e5 11. dxe5 dxe5 12. Qe2 Qc7 13. Be3 b6 14. Rac1 a5 15. b3
Nbd7 16. Na4 Rd8 17. Rfd1 h6 18. Nh3 Ba6 19. Nf2 Qb7 20. Nd3 c5 21. Nc3 Kh7 22.
f4 h5 23. h3 Ne8 24. Nd5 Nc7 25. f5 Re8 26. Rf1 Nxd5 27. exd5 e4 28. Nf4 Nf8 29.
g4 Qd7 30. fxg6+ fxg6 31. gxh5 g5 32. Ne6 Nxe6 33. Bxe4+ Kh8 34. Qg4 Rad8 35.
Bf5 Qd6 36. Bxe6 Bc8 37. Bxg5 Bxe6 38. dxe6 Rc8 39. Rce1 Rg8 40. h4 Rce8 41. Re4
Qd3 42. Kg2 Rgf8 43. Rxf8+ Rxf8 44. Qe2 Qd6 45. e7 Re8 46. h6 Bd4 47. Qh5 Qc6
48. Qf3 Qg6 49. Kh3 Kh7 50. Rf4 Qe6+ 51. Kg2 Kg6 52. Qe4+ Qxe4+ 53. Rxe4 Kf5 54.
Kf3 Be5 55. Re2 Bd6 56. h7 Be5 57. Rxe5+ Kxe5 58. Bc1 1-0

[Event "World Rapid Women 2022"]
[Site "Almaty KAZ"]
[Date "2022.12.27"]
[Round "7.15"]
[White "Ushenina, Anna"]
[Black "Mkrtchyan, Mariam"]
[Result "1/2-1/2"]
[WhiteTitle "GM"]
[BlackTitle "WIM"]
[WhiteElo "2454"]
[BlackElo "2364"]
[WhiteFideId "14110911"]
[BlackFideId "13310828"]
[EventDate "2022.12.26"]

1. d4 d5 2. Nf3 Nf6 3. Bf4 c6 4. e3 Bf5 5. Nbd2 e6 6. c4 Bd6 7. Bxd6 Qxd6 8. Qb3
Qc7 9. Be2 Nbd7 10. Qa3 Ne4 11. O-O Nxd2 12. Nxd2 Nf6 13. Rfc1 Qe7 14. b4 O-O
15. Qb3 a6 16. a4 Ne4 17. Nxe4 Bxe4 18. cxd5 exd5 19. Rc3 Qg5 20. Bf1 Rfe8 21.
Rac1 Re6 22. Qd1 Rg6 23. f3 Bf5 24. Qd2 h5 25. b5 axb5 26. axb5 Re8 27. bxc6
bxc6 28. Rxc6 Rxc6 29. Rxc6 Qxe3+ 30. Qxe3 Rxe3 31. Rd6 Be6 32. Bb5 Kf8 33. Kf2
Rb3 34. Rd8+ Ke7 35. Re8+ Kd6 36. Be2 g6 37. h3 Rb4 38. Ke3 Rb3+ 39. Kf2 Rb4 40.
Ke3 Rb3+ 1/2-1/2

[Event "World Rapid Women 2022"]
[Site "Almaty KAZ"]
[Date "2022.12.27"]
[Round "7.16"]
[White "Buksa, Nataliya"]
[Black "Javakhishvili, Lela"]
[Result "0-1"]
[WhiteTitle "IM"]
[BlackTitle "IM"]
[WhiteElo "2405"]
[BlackElo "2440"]
[WhiteFideId "14123622"]
[BlackFideId "13601458"]
[EventDate "2022.12.26"]

1. e4 e5 2. Nf3 Nc6 3. Bc4 Bc5 4. c3 Nf6 5. d4 exd4 6. e5 d5 7. Bb5 Ne4 8. cxd4
Bb6 9. Nc3 O-O 10. Be3 Bg4 11. h3 Bh5 12. Qc2 Ba5 13. O-O Bxc3 14. bxc3 Bxf3 15.
gxf3 Ng5 16. Kg2 Ne6 17. f4 f5 18. Bd3 Ne7 19. Kh2 Kh8 20. Rg1 b6 21. Rg3 c5 22.
Rag1 Rc8 23. Qe2 Rc7 24. a4 Qe8 25. Bb5 Qf7 26. Qf3 cxd4 27. Bxd4 Nxd4 28. cxd4
Ng6 29. Qe3 Qe6 30. Bd3 Rcf7 31. Rg5 Rg8 32. Rc1 Rd8 33. Qg3 Nf8 34. Qh4 Qe7 35.
Qh5 g6 36. Qh6 Qa3 37. e6 Nxe6 38. Rxg6 Qxc1 39. Rxe6 Rg8 0-1

[Event "World Rapid Women 2022"]
[Site "Almaty KAZ"]
[Date "2022.12.27"]
[Round "7.17"]
[White "Mammadova, Gulnar"]
[Black "Beydullayeva, Govhar"]
[Result "1-0"]
[WhiteTitle "IM"]
[BlackTitle "WGM"]
[WhiteElo "2376"]
[BlackElo "2387"]
[WhiteFideId "13403508"]
[BlackFideId "13413015"]
[EventDate "2022.12.26"]

1. e4 c5 2. Nf3 d6 3. Bb5+ Nd7 4. a4 a6 5. Bc4 Ngf6 6. Nc3 Qa5 7. Ba2 e6 8. O-O
Be7 9. d3 O-O 10. Ng5 h6 11. Nh3 b5 12. f4 b4 13. Ne2 Bb7 14. Ng3 Qxa4 15. f5 b3
16. cxb3 Qd4+ 17. Nf2 e5 18. Bd2 c4 19. Bc3 Qb6 20. bxc4 a5 21. Kh1 Nc5 22. Nh5
a4 23. Nxf6+ Bxf6 24. Ng4 Nd7 25. Rf3 Rfb8 26. Qe1 Kf8 27. Rd1 Qc6 28. Ne3 Qc5
29. h4 Bc6 30. g4 Bd8 31. g5 hxg5 32. hxg5 Bxg5 33. Qg3 f6 34. d4 Qb6 35. c5
dxc5 36. dxe5 Bxe4 37. Rxd7 c4 38. exf6 gxf6 39. Nxc4 Qc6 40. Rf7+ Kg8 41. Ne5
Bxf3+ 42. Nxf3 Rb3 43. Rxf6 Kh7 1-0

[Event "World Rapid Women 2022"]
[Site "Almaty KAZ"]
[Date "2022.12.27"]
[Round "7.18"]
[White "Serikbay, Assel"]
[Black "Arabidze, Meri"]
[Result "0-1"]
[WhiteTitle "WIM"]
[BlackTitle "IM"]
[WhiteElo "2230"]
[BlackElo "2427"]
[WhiteFideId "13706799"]
[BlackFideId "13604040"]
[EventDate "2022.12.26"]

1. d4 Nf6 2. c4 e6 3. g3 d5 4. Nf3 Be7 5. Bg2 O-O 6. O-O dxc4 7. Qc2 b6 8. Ne5
Qxd4 9. Bxa8 Qxe5 10. Qxc4 Ba6 11. Qc2 Qxe2 12. Qxe2 Bxe2 13. Re1 Ba6 14. Bg2
Nbd7 15. Nc3 Bb4 16. Bf4 Nc5 17. Red1 Nd3 18. Bf1 Nxb2 19. Bxa6 Bxc3 20. Rdc1
Na4 21. Rab1 Nd5 22. Bb5 Nc5 23. Be3 Nxe3 24. Rxc3 Nd5 25. Rc2 g5 26. Rd1 Kg7
27. a3 h6 28. Bc4 c6 29. Kf1 h5 30. Ke2 Rh8 31. h4 gxh4 32. gxh4 Kf6 33. Rg1
Nf4+ 34. Ke3 Ng6 35. Rh1 Ne7 36. Rd2 Nf5+ 37. Kf3 Rg8 38. Bd3 Rd8 39. Rhd1 Nb3
40. Rb2 c5 41. Bc2 Nbd4+ 42. Kg2 Nxh4+ 43. Kh3 Ng6 44. Bxg6 fxg6 45. Rbd2 Rd5
46. Rd3 g5 47. a4 g4+ 48. Kg2 h4 49. Rh1 Kg5 50. Re3 h3+ 51. Kh2 Rf5 52. Kg3 Rf4
53. Rd3 Ne2+ 0-1

[Event "World Rapid Women 2022"]
[Site "Almaty KAZ"]
[Date "2022.12.27"]
[Round "7.19"]
[White "Tereladze, Sopio"]
[Black "Fataliyeva, Ulviyya"]
[Result "0-1"]
[WhiteTitle "WIM"]
[BlackTitle "IM"]
[WhiteElo "2215"]
[BlackElo "2428"]
[WhiteFideId "13600486"]
[BlackFideId "13403052"]
[EventDate "2022.12.26"]

1. Nf3 d5 2. e3 Nf6 3. b3 g6 4. Bb2 Bg7 5. c4 c6 6. Be2 O-O 7. O-O Nbd7 8. Qc2
Re8 9. Ne5 Nxe5 10. Bxe5 Bf5 11. d3 a5 12. Nd2 a4 13. Rac1 b5 14. cxb5 cxb5 15.
Nf3 Qa5 16. Bc7 Qa6 17. Nd4 Bd7 18. Be5 Nh5 19. Bxg7 Nxg7 20. Qc5 e6 21. Nf3
axb3 22. axb3 Qa3 23. Ne5 Qxc5 24. Rxc5 Bc8 25. Rxb5 f6 26. Nf3 Ba6 27. Ra5 Bb7
28. b4 Rac8 29. Rc5 e5 30. Rfc1 Rb8 31. Nd2 Ne6 32. Rb5 Ba6 33. Rxb8 Rxb8 34.
Rc6 Bc8 35. Bf3 d4 36. Bd5 Kf7 37. Rc7+ Kf8 38. Rxc8+ Rxc8 39. Bxe6 Rc1+ 40. Nf1
e4 41. Bc4 Rd1 42. dxe4 d3 43. g3 d2 44. Be2 Re1 45. Bf3 d1=Q 46. Bxd1 Rxd1 47.
Kg2 Rb1 48. Nd2 Rxb4 49. h3 Ke7 50. Kf3 h5 51. h4 g5 52. hxg5 fxg5 53. Kg2 g4
54. Kf1 Ke6 55. Ke2 Rb2 56. Kd3 Ra2 57. Ke2 Ke5 58. Kd3 Kd6 59. Nc4+ Kc6 60. Nd2
Kb5 61. e5 Kc6 62. Ne4 Kd7 63. Nf6+ Ke6 64. Nxh5 Kxe5 65. Nf4 Rxf2 66. Ng6+ Kf6
67. Nf4 Ke5 68. Ng6+ Kf5 69. Nf4 Rf3 70. Ne2 Ke5 71. Kd2 Rf2 72. Kd3 Rg2 73. e4
Rf2 74. Nd4 Rf1 75. Ke3 Re1+ 76. Ne2 Rb1 77. Nc3 Rc1 78. Ne2 Rc4 79. Kf2 Kxe4 0-1

[Event "World Rapid Women 2022"]
[Site "Almaty KAZ"]
[Date "2022.12.27"]
[Round "7.20"]
[White "Balajayeva, Khanim"]
[Black "Hajiyeva, Laman"]
[Result "1/2-1/2"]
[WhiteTitle "WGM"]
[BlackTitle "WFM"]
[WhiteElo "2379"]
[BlackElo "2135"]
[WhiteFideId "13406396"]
[BlackFideId "13415875"]
[EventDate "2022.12.26"]

1. e4 c6 2. d4 d5 3. exd5 cxd5 4. Bd3 Nc6 5. c3 Nf6 6. h3 g6 7. Nf3 Bf5 8. O-O
Bxd3 9. Qxd3 e6 10. Re1 Qc7 11. Be3 Bg7 12. Nbd2 O-O 13. Re2 a6 14. a4 Rab8 15.
Rae1 b5 16. axb5 axb5 17. b4 Nd7 18. Nb3 Na7 19. g3 Ra8 20. Bf4 Qc4 21. Qc2 Rfc8
22. Rc1 Nc6 23. Qb2 Qd3 24. Kg2 Nb6 25. Nc5 Qf5 26. Qd2 Nc4 27. Qe1 h6 28. h4
Ra3 29. Nd2 Rca8 30. Nxc4 dxc4 31. Rec2 g5 32. hxg5 hxg5 33. Bd2 g4 34. Qe4 Qf3+
35. Qxf3 gxf3+ 36. Kf1 1/2-1/2

[Event "World Rapid Women 2022"]
[Site "Almaty KAZ"]
[Date "2022.12.27"]
[Round "7.21"]
[White "Dzagnidze, Nana"]
[Black "Badelka, Olga"]
[Result "1-0"]
[WhiteTitle "GM"]
[BlackTitle "IM"]
[WhiteElo "2517"]
[BlackElo "2416"]
[WhiteFideId "13601903"]
[BlackFideId "13509926"]
[EventDate "2022.12.26"]

1. c4 e6 2. Nf3 Nf6 3. b3 d5 4. Bb2 b6 5. g3 Bb7 6. Bg2 Nbd7 7. O-O Bd6 8. Nc3
a6 9. cxd5 exd5 10. Nh4 Nf8 11. e4 dxe4 12. Nxe4 Nxe4 13. Bxe4 Bxe4 14. Re1 Ne6
15. Rxe4 Qg5 16. Qf3 O-O-O 17. Qxf7 Nc5 18. Re2 Rhf8 19. Qxg7 Qh5 20. Re3 Rg8
21. Qf6 Nd7 22. Qd4 Bc5 23. Qe4 Bxe3 24. dxe3 Kb8 25. Bd4 Nc5 26. Bxc5 Qxc5 27.
Qxh7 Qc3 28. Rf1 Qa5 29. Rc1 Qe5 30. Nf3 Qd6 31. Nd4 c5 32. Ne2 Qd2 33. Qc2 Qd6
34. Nf4 Rge8 35. h4 Re5 36. Qe2 b5 37. Rc3 Qd2 1-0

[Event "World Rapid Women 2022"]
[Site "Almaty KAZ"]
[Date "2022.12.27"]
[Round "7.22"]
[White "Lagno, Kateryna"]
[Black "Zatonskih, Anna"]
[Result "1-0"]
[WhiteTitle "GM"]
[BlackTitle "IM"]
[WhiteElo "2563"]
[BlackElo "2349"]
[WhiteFideId "14109336"]
[BlackFideId "14101572"]
[EventDate "2022.12.26"]

1. e4 e6 2. d4 d5 3. e5 c5 4. c3 Ne7 5. Na3 Nec6 6. Nc2 b6 7. h4 Ba6 8. Bxa6
Nxa6 9. h5 h6 10. Nf3 Qd7 11. Qe2 Nc7 12. Rh4 cxd4 13. cxd4 Nb4 14. Nxb4 Bxb4+
15. Kf1 O-O-O 16. a3 Be7 17. Rf4 Rhf8 18. Rg4 Rg8 19. a4 Bb4 20. Bd2 Bxd2 21.
Qxd2 Kb7 22. a5 Rc8 23. axb6 axb6 24. Kg1 Nb5 25. Qf4 Rc4 26. Qg3 Rgc8 27. Rxg7
Nxd4 28. Nxd4 Rxd4 29. Qa3 1-0

[Event "World Rapid Women 2022"]
[Site "Almaty KAZ"]
[Date "2022.12.27"]
[Round "7.23"]
[White "Harika, Dronavalli"]
[Black "Petrova, Irina"]
[Result "1/2-1/2"]
[WhiteTitle "GM"]
[BlackTitle "WIM"]
[WhiteElo "2507"]
[BlackElo "2123"]
[WhiteFideId "5015197"]
[BlackFideId "14124122"]
[EventDate "2022.12.26"]

1. c4 d6 2. Nc3 e5 3. g3 f5 4. Nf3 Nf6 5. d4 e4 6. Nh4 g6 7. Bg5 Bg7 8. Ng2 O-O
9. Nf4 c6 10. e3 Na6 11. h4 Nc7 12. h5 Qe8 13. hxg6 hxg6 14. Qb3 Ne6 15. Bxf6
Bxf6 16. Be2 Rb8 17. O-O-O Nxf4 18. gxf4 Be6 19. d5 Bf7 20. Kb1 b5 21. cxb5 cxb5
22. Rc1 b4 23. Na4 Qd7 24. Rc2 Qb7 25. Rhc1 Rfc8 26. Rxc8+ Rxc8 27. Rxc8+ Qxc8
28. Qxb4 Bxd5 29. Qxd6 Qc6 30. Qxc6 Bxc6 31. Nc3 Bh4 32. Nd1 Kf7 33. Kc2 Ke7 34.
Kd2 Kd6 35. Bc4 Be8 36. Bg8 Kc5 37. Ke1 Kb4 38. Nc3 Kc5 39. Ke2 Bf6 40. Be6 Kd6
41. Bb3 Kc5 42. Ke1 Bg7 43. Kf1 Bf6 44. Kg2 Bg7 45. Kg3 Bf6 46. Bg8 Bg7 47. Be6
Bf6 48. Bb3 Bg7 49. f3 exf3 50. Kxf3 Bf6 51. Ke2 Kd6 52. Kd3 g5 53. fxg5 Bxg5
54. Bc4 Bc6 55. Nb5+ Bxb5 56. Bxb5 f4 57. e4 Bf6 58. b3 Kc5 59. Be8 Be5 60. Bh5
a5 61. Bd1 Bc7 62. Bh5 Be5 63. Ke2 Kb4 64. Kf3 Kc3 65. Bf7 Kd4 66. Bd5 Bd6 67.
Bc6 Ke5 68. Bb7 Kd4 69. Kg4 Ke5 70. Bc6 Bc5 71. Kf3 Bd6 72. Ba8 Bc5 73. Ke2 Kd4
74. Bb7 Bd6 75. Bc6 Be5 76. Kd2 Bd6 77. Bb7 Bb4+ 78. Ke2 Bd6 79. Kf3 Ke5 80. Bc8
Bc5 81. Bh3 Bd6 82. Bg2 Bc5 83. Ke2 Kd4 84. Bf3 Bb4 85. Bh1 Bd6 86. Kd2 Be5 87.
Bf3 Bd6 88. Ke2 Bb4 89. Bg2 Bd6 90. Kf3 Ke5 91. Bh3 Bc5 92. Bc8 Bb6 93. Bb7 Bc5
94. Kg4 Bb6 95. Kf3 Bc5 96. Ba8 Bb6 97. Ke2 Kd4 98. Bb7 Bc5 1/2-1/2

[Event "World Rapid Women 2022"]
[Site "Almaty KAZ"]
[Date "2022.12.27"]
[Round "7.24"]
[White "Schulze, Lara"]
[Black "Assaubayeva, Bibisara"]
[Result "1-0"]
[WhiteTitle "FM"]
[BlackTitle "IM"]
[WhiteElo "2284"]
[BlackElo "2440"]
[WhiteFideId "12956830"]
[BlackFideId "13708694"]
[EventDate "2022.12.26"]

1. e4 c5 2. Nf3 d6 3. Bb5+ Nd7 4. a4 a6 5. Be2 Ngf6 6. Nc3 b6 7. d4 cxd4 8. Qxd4
Bb7 9. O-O e5 10. Qe3 Be7 11. Rd1 Rc8 12. Nd2 O-O 13. Nc4 Qc7 14. b4 Qb8 15. Ba3
b5 16. axb5 axb5 17. Na5 Rxc3 18. Qxc3 Rc8 19. Qb3 Bxe4 20. c4 Qa8 21. f3 bxc4
22. Nxc4 Bd5 23. b5 Qb7 24. Rxd5 Nxd5 25. Kh1 Nf4 26. Bf1 Ne6 27. Bxd6 Bf6 28.
b6 Nd4 29. Qb1 Nb8 30. Ra7 Qd5 31. Qe4 Qe6 32. Rc7 Rd8 33. Bxe5 Ndc6 34. Bxf6
Qxf6 35. b7 Qa1 36. Ne3 Qa7 37. Rc8 1-0

[Event "World Rapid Women 2022"]
[Site "Almaty KAZ"]
[Date "2022.12.27"]
[Round "7.25"]
[White "Enkhtuul, Altan-Ulzii"]
[Black "Injac, Teodora"]
[Result "1/2-1/2"]
[WhiteTitle "WGM"]
[BlackTitle "WGM"]
[WhiteElo "2285"]
[BlackElo "2365"]
[WhiteFideId "4901444"]
[BlackFideId "932400"]
[EventDate "2022.12.26"]

1. d4 Nf6 2. Nf3 g6 3. g3 Bg7 4. Bg2 O-O 5. O-O d6 6. c4 Nc6 7. Nc3 Bf5 8. d5
Na5 9. Nd2 c5 10. e4 Bd7 11. a3 Ng4 12. Qe2 a6 13. Rb1 Ne5 14. h3 b5 15. cxb5
axb5 16. Nxb5 Qb6 17. a4 c4 18. b3 cxb3 19. Nxb3 Nxb3 20. Rxb3 Rxa4 21. Be3 Qa6
22. Re1 Ra2 23. Qf1 Rb8 24. Reb1 h5 25. f4 Ra5 26. Nc7 Qxf1+ 27. Bxf1 Rxb3 28.
Rxb3 Nf3+ 29. Kf2 Nd4 30. Rd3 Ra2+ 31. Rd2 Rxd2+ 32. Bxd2 Nb3 33. Be3 f5 34. e5
dxe5 35. d6 Na5 36. dxe7 Kf7 37. Bb6 Nb7 38. e8=Q+ Bxe8 39. Bg2 e4 40. Bf1 Bc6
41. Bc4+ Ke7 42. Nd5+ Kd6 43. Nb4 Be8 44. Nc2 Nc5 45. Ke2 Na4 46. Ba7 Nc3+ 47.
Kf2 Nb5 48. Bb8+ Kc5 49. Be6 Nc3 50. Ba7+ Kd6 51. Bc4 Nd1+ 52. Ke1 Nb2 53. Ba6
Bc3+ 54. Ke2 Bf6 55. Ne3 Bf7 56. Bb5 Bg7 57. Kd2 Bf6 1/2-1/2

[Event "World Rapid Women 2022"]
[Site "Almaty KAZ"]
[Date "2022.12.27"]
[Round "7.26"]
[White "Girya, Olga"]
[Black "Nasybullina, Alfia"]
[Result "1-0"]
[WhiteTitle "GM"]
[BlackTitle "WIM"]
[WhiteElo "2398"]
[BlackElo "2027"]
[WhiteFideId "4195752"]
[BlackFideId "4132416"]
[EventDate "2022.12.26"]

1. d4 Nf6 2. Nf3 c5 3. d5 e6 4. c4 exd5 5. cxd5 d6 6. Nc3 g6 7. h3 Bg7 8. e4 O-O
9. Be3 Re8 10. Bd3 b6 11. O-O Ba6 12. Bf4 Bxd3 13. Qxd3 a6 14. a4 Qe7 15. Nd2
Nh5 16. Bh2 Nd7 17. g4 Nhf6 18. Nc4 Nxe4 19. Rae1 f5 20. f3 Bd4+ 21. Kg2 Nf2 22.
Rxe7 Nxd3 23. Rxd7 b5 24. Nxd6 Re3 25. axb5 Nxb2 26. b6 Rxc3 27. b7 Rf8 28. Nc8
Rb3 29. Ne7+ Kh8 30. Nc6 f4 31. b8=Q Rbxb8 32. Nxb8 Rxb8 33. Bxf4 Re8 34. d6 Nd3
35. Bg3 c4 36. Re7 Rf8 37. d7 Bb6 38. Re8 Kg7 39. Rb1 Ba5 40. Rbb8 Rf7 41. d8=Q
Bxd8 42. Rexd8 1-0

[Event "World Rapid Women 2022"]
[Site "Almaty KAZ"]
[Date "2022.12.27"]
[Round "7.27"]
[White "Kurmangaliyeva, Liya"]
[Black "Maltsevskaya, Aleksandra"]
[Result "0-1"]
[WhiteTitle "FM"]
[BlackTitle "IM"]
[WhiteElo "2287"]
[BlackElo "2400"]
[WhiteFideId "13725831"]
[BlackFideId "24174041"]
[EventDate "2022.12.26"]

1. d4 Nf6 2. c4 g6 3. Nc3 Bg7 4. e4 d6 5. h3 O-O 6. Be3 c5 7. Nf3 cxd4 8. Nxd4
b6 9. g4 Bb7 10. Bg2 Nbd7 11. O-O Nc5 12. Qc2 Rc8 13. Rad1 Qc7 14. b3 a6 15. a4
e5 16. Nde2 Bc6 17. Ng3 Ne6 18. Nd5 Bxd5 19. exd5 Nc5 20. b4 Ncd7 21. Rc1 a5 22.
Qd2 axb4 23. Qxb4 Nc5 24. Ra1 Nfd7 25. a5 bxa5 26. Qxa5 f5 27. f4 exf4 28. Qxc7
Rxc7 29. Bxf4 Bxa1 30. Rxa1 Ne5 31. gxf5 gxf5 32. Bh6 Rf6 33. Ra8+ Kf7 34. Bg5
Rg6 35. Bf4 Ncd3 36. Bxe5 Nxe5 37. Nxf5 Rxc4 38. Ra7+ Kf6 39. Ne3 Rc3 40. Kf2
Nd3+ 41. Kf1 Nf4 42. Ng4+ Kg5 43. Be4 Rg8 44. Rxh7 Nxh3 45. Nh2 Kf4 46. Rh4+ Kg3 0-1

[Event "World Rapid Women 2022"]
[Site "Almaty KAZ"]
[Date "2022.12.27"]
[Round "7.28"]
[White "Mkrtchian, Lilit"]
[Black "Nomindalai, Tumurbaatar"]
[Result "1-0"]
[WhiteTitle "IM"]
[BlackTitle "CM"]
[WhiteElo "2377"]
[BlackElo "2132"]
[WhiteFideId "13300601"]
[BlackFideId "4904095"]
[EventDate "2022.12.26"]

1. Nf3 c5 2. c4 g6 3. d4 cxd4 4. Nxd4 Nf6 5. Nc3 Nc6 6. e4 d6 7. f3 Nxd4 8. Qxd4
Bg7 9. Be3 O-O 10. Qd2 Qa5 11. Be2 Be6 12. Rc1 Rfc8 13. b3 Rab8 14. g4 a6 15. g5
Nd7 16. Nd5 Qxd2+ 17. Kxd2 Bxd5 18. cxd5 Bb2 19. Rxc8+ Rxc8 20. f4 Bc3+ 21. Kd1
Nc5 22. Bg4 Rc7 23. Bf3 b5 24. Ke2 Bb2 25. Rb1 Ba3 26. Bd2 b4 27. Ke3 a5 28. Be2
Kg7 29. Bc4 h6 30. gxh6+ Kxh6 31. Kf3 Kg7 32. Be3 Rc8 33. Bd4+ f6 34. h4 Rh8 35.
Rh1 Rh5 36. Be2 Rh8 37. Ke3 Kf7 38. Bg4 a4 39. Bxc5 dxc5 40. bxa4 Bb2 41. Kd3 g5
42. fxg5 fxg5 43. h5 Ra8 44. Bd7 Kg7 45. h6+ Kh7 46. Bf5+ Kh8 47. Bd7 Rf8 48.
Kc4 Bd4 49. a5 Ra8 50. Kb5 Rb8+ 51. Kc4 Ra8 52. Rf1 Rxa5 53. Rf7 Bf6 54. Bf5 Ra8
55. Kxc5 Kg8 56. Be6 Kh8 57. Bf5 Kg8 58. Be6 Kh8 59. Kxb4 Rxa2 60. d6 Rb2+ 61.
Kc4 Rb6 62. dxe7 Rxe6 63. Rf8+ Kh7 64. e8=Q Rxe8 65. Rxe8 Kxh6 66. e5 Bg7 67. e6
Kg6 68. e7 Kf7 69. Rg8 Kxe7 70. Rxg7+ Kf6 71. Rg8 Kf5 72. Kd3 Kf4 73. Ke2 1-0

[Event "World Rapid Women 2022"]
[Site "Almaty KAZ"]
[Date "2022.12.27"]
[Round "7.29"]
[White "Nomin-Erdene, Davaademberel"]
[Black "Omonova, Umida"]
[Result "0-1"]
[WhiteTitle "IM"]
[BlackTitle "WFM"]
[WhiteElo "2384"]
[BlackElo "2052"]
[WhiteFideId "4900782"]
[BlackFideId "14210363"]
[EventDate "2022.12.26"]

1. e4 c5 2. Nf3 Nc6 3. d4 cxd4 4. Nxd4 g6 5. c4 Nf6 6. Nc3 d6 7. Be2 Nxd4 8.
Qxd4 Bg7 9. O-O O-O 10. Qe3 Be6 11. Rb1 a6 12. a4 Rc8 13. b3 Nd7 14. Bd2 Qb6 15.
Qxb6 Nxb6 16. a5 Nd7 17. Nd5 Rfe8 18. Be3 f5 19. f3 Bxd5 20. exd5 e6 21. Kf2
exd5 22. Rfd1 Nf6 23. cxd5 Rc2 24. Rd2 Rc7 25. Bf4 Rd7 26. g3 Nh5 27. Be3 Rde7
28. Bb6 Bh6 29. Rc2 Nf6 30. b4 Kh8 31. Bc4 Rc8 32. Rd1 Nd7 33. Bd4+ Bg7 34. Be3
Ne5 35. Bb3 Rxc2+ 36. Bxc2 Rc7 37. Ba4 Rc4 38. Bd2 Nd3+ 39. Ke2 Ne5 40. Bb3 Rc7
41. Rc1 Rxc1 42. Bxc1 Kg8 43. Be3 Kf7 44. f4 Ng4 45. Bg1 Bc3 46. h3 Nf6 47. b5
axb5 48. Bb6 Ke7 49. Kd3 Be1 50. g4 fxg4 51. hxg4 Nxg4 52. Ke2 Bb4 53. Kf3 Nf6
54. Bd4 Bxa5 55. f5 g5 56. Be3 h6 57. Bd4 Bd2 58. Bb2 Bf4 59. Bd4 Be5 60. Bb6
g4+ 61. Kg2 h5 62. Bf2 Ne4 63. Be1 Kf6 64. Bc2 Kxf5 65. Bd3 Bf6 66. Bxb5 h4 67.
Bd7+ Kf4 68. Bb4 h3+ 69. Kh2 Be5 70. Kg1 Kf3 71. Be8 h2+ 0-1

[Event "World Rapid Women 2022"]
[Site "Almaty KAZ"]
[Date "2022.12.27"]
[Round "7.30"]
[White "Khamdamova, Afruza"]
[Black "Padmini, Rout"]
[Result "0-1"]
[WhiteTitle "WFM"]
[BlackTitle "IM"]
[WhiteElo "2139"]
[BlackElo "2389"]
[WhiteFideId "14210444"]
[BlackFideId "5029295"]
[EventDate "2022.12.26"]

1. e4 c5 2. Nf3 e6 3. d4 cxd4 4. Nxd4 Nc6 5. Nc3 Qc7 6. Be2 a6 7. O-O Nf6 8. Be3
Be7 9. a4 d6 10. f4 O-O 11. Kh1 Bd7 12. Qe1 Nxd4 13. Bxd4 Bc6 14. Qg3 g6 15. Bf3
b5 16. e5 Nd7 17. Bxc6 Qxc6 18. exd6 Bxd6 19. axb5 axb5 20. Rae1 Bc5 21. Bxc5
Nxc5 22. Qh4 b4 23. Ne2 Qe4 24. Ng3 Qd4 25. c3 bxc3 26. bxc3 Qxc3 27. f5 Ra4 28.
Qg5 Nd3 29. f6 Rf4 30. Rxf4 Nxf4 31. Rf1 Nd5 32. h4 h6 33. Qxh6 Nxf6 34. Qg5 Nh7
35. Qg4 Kh8 36. Rf3 Qg7 37. h5 g5 38. Qb4 f5 39. Qd6 Qf6 40. Ne4 Qa1+ 41. Kh2 g4
42. Rf2 Qg7 43. Ng3 Qh6 44. Qe5+ Qf6 45. Qxf6+ Nxf6 46. Kg1 Kg7 47. Re2 Kf7 48.
Ra2 Nd5 49. Ra7+ Kf6 50. Ne2 Kg5 51. Nd4 Re8 52. Ra5 Nf4 53. g3 Nxh5 54. Kf2 Nf6
55. Re5 Ne4+ 56. Kg2 Kf6 57. Ra5 Rd8 58. Ne2 e5 59. Ra6+ Kg5 60. Ra5 Rd2 61. Kf1
Rd1+ 62. Kg2 Re1 63. Ra2 Kf6 64. Rc2 Ke6 65. Rc6+ Kd5 66. Rc2 Ra1 67. Kh2 Rd1
68. Kg2 Rd2 69. Rxd2+ Nxd2 70. Kf2 Ke4 71. Nc3+ Kd3 72. Nd5 Ne4+ 73. Kg2 Nd6 74.
Kf2 Kd4 75. Ne7 f4 76. gxf4 exf4 77. Ng6 Ke4 78. Nf8 Kf5 79. Nd7 Ne4+ 80. Kf1 f3
81. Nb6 Nf6 82. Nc4 Kf4 83. Nb2 g3 84. Nd3+ Ke3 85. Ne1 Ne4 86. Nc2+ Kf4 0-1

[Event "World Rapid Women 2022"]
[Site "Almaty KAZ"]
[Date "2022.12.27"]
[Round "7.31"]
[White "Osmak, Yuliia"]
[Black "Lu, Miaoyi"]
[Result "0-1"]
[WhiteTitle "IM"]
[WhiteElo "2451"]
[BlackElo "2399"]
[WhiteFideId "14101602"]
[BlackFideId "8618020"]
[EventDate "2022.12.26"]

1. d4 d5 2. c4 e6 3. Nc3 c5 4. cxd5 cxd4 5. Qa4+ Bd7 6. Qxd4 exd5 7. Qxd5 Nf6 8.
Qd1 Bc5 9. Nf3 Nc6 10. e3 O-O 11. Be2 Qe7 12. O-O Rfd8 13. Bd2 Ne5 14. Qc2 Bc6
15. Rad1 Rac8 16. Qf5 Ng6 17. Bc1 Ne4 18. Rxd8+ Rxd8 19. Rd1 Rxd1+ 20. Bxd1 Nxc3
21. bxc3 Be4 22. Qc8+ Nf8 23. Nd4 Bxd4 24. cxd4 Qb4 25. h3 Qe1+ 26. Kh2 Qxf2 27.
Qg4 f5 28. Bb3+ Kh8 29. Qg3 Qxg3+ 30. Kxg3 g5 31. d5 Kg7 32. Bb2+ Kg6 33. d6 b5
34. Kf2 a5 35. Bc3 b4 36. Bd4 Bc6 37. Bc4 h5 38. g3 Nd7 39. h4 a4 40. Ke2 g4 41.
Kd2 Nf6 42. Kd3 Bd7 43. Be5 Ne4 44. Kd4 Nd2 45. Bd3 0-1